000
00300nam a22001337a 4500
008
210511b ||||| |||| 00| 0 eng d
041
_a
eng
080
_a
621
082
_a
621
100
_a
26
101
_a
MEK
245
_a
Handbook of Industrial Noise Control
_c
L.L. Faulkner
942
_2
udc
_c
BK
999
_c
57251
_d
57251